Top 100 "A" Baby Boy Names - USA 2022 - Statistics

General Stats
  • This quiz has been taken 369 times
  • The average score is 41 of 100
Answer Stats
Answer % Correct
Alex
92%
Andre
90%
Alexander
89%
Aaron
85%
Andrew
85%
Aron
85%
Alan
84%
Allan
84%
Allen
84%
Aidan
82%
Aiden
82%
Ayden
82%
Aydin
82%
Anthony
80%
Adam
76%
Andy
73%
Arthur
73%
Axel
69%
Axl
69%
Albert
68%
Ashton
68%
Abraham
67%
Asher
66%
Adrian
65%
Austin
65%
Antonio
64%
Alfred
60%
Ali
60%
Ari
59%
Avery
57%
Abel
56%
Alejandro
55%
Archie
55%
August
54%
Ander
52%
Angel
49%
Anders
48%
Ace
46%
Archer
46%
Anderson
45%
Alberto
44%
Alvin
44%
Angelo
44%
Arlo
43%
Alexis
42%
Alec
37%
Andres
37%
Adan
36%
Aden
36%
Ahmad
35%
Ahmed
35%
Alfredo
35%
Ahmir
33%
Ameer
33%
Amir
33%
Atticus
33%
Augustus
33%
Amos
32%
Armando
32%
Atlas
30%
Alonso
28%
Alonzo
28%
Adonis
27%
Alessandro
27%
Ariel
27%
Arturo
27%
Abram
25%
Asa
23%
Amari
22%
Apollo
22%
Armani
22%
Avi
22%
Alden
21%
Augustine
21%
Arian
20%
Aryan
20%
Aldo
19%
Alistair
18%
Adriel
17%
Ares
16%
Aries
16%
Ambrose
15%
Abner
14%
Abdullah
13%
Alvaro
10%
Adler
9%
Alijah
8%
Axton
8%
Azrael
8%
Ayaan
6%
Ayan
6%
Aziel
6%
Abdiel
5%
Anakin
5%
Arjun
5%
Aarav
4%
Alaric
3%
Atreus
3%
Azariah
3%
Amias
2%
No matching quizzes found
Score Distribution
Percent of People with Each Score
Percentile by Number Answered
Your Score History
You have not taken this quiz